| 000 | 00783nam a2200253Ia 4500 | ||
|---|---|---|---|
| 003 | OSt | ||
| 005 | 20220926012306.0 | ||
| 006 | a|||||r|||| 00| 0 | ||
| 007 | ta | ||
| 008 | 220923b |||||||| |||| 00| 0 eng d | ||
| 020 | _a0521002508 | ||
| 037 | _cGeneral Book | ||
| 040 |
_aRTL _cRTL _beng |
||
| 041 |
_2eng _aeng |
||
| 082 | _aV2:51.N5, P1 | ||
| 100 |
_aPandey Gyanendra _925957 |
||
| 245 | 0 |
_aRemembering partition _b Violence, nationalism and history in India |
|
| 260 |
_aNew York _bCambridge University Press _c2001 |
||
| 300 |
_axiii,218p. Bibliography: P 206-11 _ccm. |
||
| 490 | _aContemporary South Asia ;7 | ||
| 650 | _aStruggle for Independence | ||
| 942 |
_hV2:51.N5, P1 _cGB _2CC |
||
| 999 |
_c622397 _d622397 |
||